00642nam a2200193Ia 4500003000900000008004100009040001600050080001500066111005100081245012800132260003300260300001500293490002300308650002900331650000900360650001000369700003000379710003900409IN-BaIIA211028s9999 xx 000 0 eng d cIIA Library a535.1bMER aAGARD Avionics Panel Meetingn6thcParisd1962 0aLight and heat sensingbproceedings of sixth AGARD Avionics Panel Meeting, Paris, July, 1962cedited by Harrison J. Merrill aOxfordbPergamon Pressc1963 axii, 457p. aAGARDograph; v. 71 aElectronic instruments  aHeat aLight aMerrill, Harrison J., ed. aNorth Atlantic Treaty Organization